Software engineering : (Record no. 760)
[ view plain ]
| 000 -LEADER | |
|---|---|
| fixed length control field | 00699nac a22001931u 4500 |
| 020 ## - INTERNATIONAL STANDARD BOOK NUMBER | |
| International Standard Book Number | 0070593714 |
| 082 ## - DEWEY DECIMAL CLASSIFICATION NUMBER | |
| Classification number | 005.1 |
| Item number | J418 |
| 090 ## - LOCALLY ASSIGNED LC-TYPE CALL NUMBER (OCLC); LOCAL CALL NUMBER (OCLC) | |
| -- | 760 |
| -- | 760 |
| 100 ## - MAIN ENTRY--PERSONAL NAME | |
| Personal name | Jawadekar, W.S. |
| 245 ## - TITLE STATEMENT | |
| Title | Software engineering : |
| Remainder of title | Principles and practice / |
| Statement of responsibility, etc | W.S. Jawadekar |
| 260 ## - PUBLICATION, DISTRIBUTION, ETC. (IMPRINT) | |
| Place of publication, distribution, etc | New Delhi : |
| Name of publisher, distributor, etc | Tata McGraw-Hill, |
| Date of publication, distribution, etc | c2004. |
| 300 ## - PHYSICAL DESCRIPTION | |
| Extent | 844 p. : |
| Other physical details | ill. ; |
| Dimensions | 24 cm. |
| 440 ## - | |
| -- | Computer engineering series |
| 500 ## - GENERAL NOTE | |
| General note | Includes index. |
| 650 ## - SUBJECT ADDED ENTRY--TOPICAL TERM | |
| Topical term or geographic name as entry element | Software engineering. |
| 650 ## - SUBJECT ADDED ENTRY--TOPICAL TERM | |
| Topical term or geographic name as entry element | Computer programming. |
| 942 ## - ADDED ENTRY ELEMENTS (KOHA) | |
| Item type | Book - Borrowing |
| Call number prefix | 005.1J418 |
| Withdrawn status | Item status | Damaged status | Not for loan | Home library | Current library | Shelving location | Date acquired | Source of acquisition | Total Checkouts | Full call number | Barcode | Date last seen | Date last borrowed | Koha item type |
|---|---|---|---|---|---|---|---|---|---|---|---|---|---|---|
| Central Library | Central Library | Lower Floor | 27/07/2006 | Purchase | 1 | 005.1 JAW | 000003826 | 15/07/2025 | 16/02/2012 | Book - Borrowing |